| 000 | 01010nas a22002411i#4500 | ||
|---|---|---|---|
| 001 | 840 | ||
| 003 | ES-MaACL | ||
| 005 | 20250724062537.0 | ||
| 007 | t| | ||
| 008 | 950801d18621896fr | | 1 ||re d | ||
| 080 | _a44 | ||
| 245 | 0 | 0 |
_aEtudes religieuses, historiques et littéraires / _cpar des Pères de la Compagnie de Jésus. |
| 260 |
_aParis : _bCharles Douniol, _c1862-1896. |
||
| 300 |
_a32 v. ; _c24 cm. |
||
| 310 | _aMensual | ||
| 362 | 0 | _aN.s. t. 1, n° 1 (1862, janv./févr.)-t. 13, n° 6 (1867, déc.) ; 4e s. t. 1, n° 1 (1868, janv.)-t. 6, n° 6 (1870, déc.) ; 5e s. t. 1, n° 1 (1872, janv.)-t. 12, n° 6 (1877, déc.) ; 6e s. t. 1, n° 1 (1878, janv.)-t. 5, n° 6 (1880, juin) ; t. 43, n° 1 (1888, janv.)-t. 69, n° 4 (1896, 15 déc.) | |
| 500 | _aNo se publicó en 1871. | ||
| 650 | 7 |
_aCultura _2embne _9170963 |
|
| 780 | 0 | 0 | _tEtudes de théologie, de philosophie et d'histoire |
| 852 |
_aES-MaACL _jG-2731-62 |
||
| 866 | 0 | _o1864(1865f.t.VI)1866-70.1872-80. | |
| 999 |
_c840 _d840 |
||